Introducing listening
Saved in:
| Main Author: | |
|---|---|
| Format: | Book |
| Language: | English |
| Published: |
England :
Penguin English,
1994
|
| Series: | Penguin english applied linguistics
|
| Subjects: | |
| Tags: |
Add Tag
No Tags, Be the first to tag this record!
|
MARC
| LEADER | 00000nam a2200000 i 4500 | ||
|---|---|---|---|
| 001 | 1/23734 | ||
| 008 | 960712s1994 eng d | ||
| 020 | |a 0-14-081401-9 | ||
| 035 | |l 10022140 | ||
| 040 | |a GR-MY-UA |b gre |e aacr | ||
| 041 | 0 | |a eng | |
| 082 | 0 | |a 428.34 | |
| 100 | 1 | |a Rost, Michael |d 1952- | |
| 245 | 1 | 0 | |a Introducing listening / |c Michael Rost |
| 260 | |a England : |b Penguin English, |c 1994 | ||
| 300 | |a 174 p. | ||
| 490 | 1 | |a Penguin english applied linguistics | |
| 650 | 0 | 0 | |a English language |v Textbooks for foreign speakers. |
| 650 | 0 | 0 | |a Listening. |
| 830 | 0 | |a Penguin english applied linguistics | |
| 852 | |a INST |b CHIOS |e 19960712 |h 428.34 ROS |p 005200003566 |q 005200003566 |t BK |y 0 | ||
| 909 | |a Χ |b 037875 | ||